000 00665nam a2200205Ia 4500
003 GCL
008 140319s9999 xx 000 0 ara d
040 _aGCL /
_cGCL
082 0 4 _a378.17
_bم ا
100 1 _aمحمد منير مرسى
245 1 0 _aالاتجاهات الحديثة فى التعليم الجامعى المعاصر واساليب تدريسه /
_cمحمد منير مرسى
260 _a[S.N] :
_bدار النهضة العربية ،
_c1992
300 _a302 ص
490 _a
650 0 4 _aطرق التدريس
650 0 4 _aالتعليم
650 0 4 _aالتعليم العالى
650 0 4 _aالجامعات
942 _2ddc
_cBK
999 _c31145
_d31145